000 00594nam a2200205 i 4500
001 91091
003 ES-MaACL
005 20230906180633.0
007 t|
008 050127s1972 sp ||||1| spa d
100 1 _aLe Riverend Brusone, Julio.
_970920
245 1 0 _aHistoria económica de Cuba /
_cJulio Le Riverend.
260 _aBarcelona, etc. :
_bAriel,
_c[1972]
300 _a277 p. ;
_c18 cm.
490 1 _aAriel quincenal ;
_v69
830 0 _aAriel quincenal ;
_v69
_9180806
852 _aES-MaACL
_jC-52659
_bR.82747
852 _aES-MaACL
_jE-5985
_bR.90166
999 _c91091
_d91091